African Customary Law System : an introduction (Record no. 1452)

000 -LEADER
fixed length control field 00453nam a22001697a 4500
003 - CONTROL NUMBER IDENTIFIER
control field OSt
005 - DATE AND TIME OF LATEST TRANSACTION
control field 20141120043404.0
008 - FIXED-LENGTH DATA ELEMENTS--GENERAL INFORMATION
fixed length control field 141120b xxu||||| |||| 00| 0 eng d
020 ## - INTERNATIONAL STANDARD BOOK NUMBER
International Standard Book Number 9966031341
050 ## - LIBRARY OF CONGRESS CALL NUMBER
Classification number KB 130 .059 2013
100 ## - MAIN ENTRY--PERSONAL NAME
Personal name Onyango, Peter
245 ## - TITLE STATEMENT
Title African Customary Law System : an introduction
Statement of responsibility, etc Peter Onyango
260 ## - PUBLICATION, DISTRIBUTION, ETC. (IMPRINT)
Place of publication, distribution, etc Nairobi
Name of publisher, distributor, etc Law Africa
Date of publication, distribution, etc 2013
300 ## - PHYSICAL DESCRIPTION
Extent 182 p.
650 ## - SUBJECT ADDED ENTRY--TOPICAL TERM
Topical term or geographic name as entry element Customary law - - Africa
942 ## - ADDED ENTRY ELEMENTS (KOHA)
Source of classification or shelving scheme
Koha item type Book
Holdings
Withdrawn status Lost status Source of classification or shelving scheme Damaged status Not for loan Home library Current library Shelving location Date acquired Total Checkouts Total Renewals Full call number Barcode Date last seen Date checked out Copy number Price effective from Koha item type
          Riara University Library Riara University Library General stack 20/11/2014 7 3 KB 130 .059 2013 5171/14 30/09/2019 28/09/2019 C.1 20/11/2014 Book
          Riara University Library Riara University Library General stack 20/11/2014 4   KB 130 .059 2013 5172/14 22/04/2025 07/04/2025 C.2 20/11/2014 Book
          Riara University Library Riara University Library General stack 20/11/2014 4 2 KB 130 .059 2013 5173/14 25/03/2019 26/02/2019 C.3 20/11/2014 Book
          Riara University Library Riara University Library General stack 20/11/2014 3   KB 130 .059 2013 5174/14 27/03/2025 10/03/2025 C.4 20/11/2014 Book
          Riara University Library Riara University Library General stack 20/11/2014 1   KB 130 .059 2013 5175/14 14/04/2022 05/04/2022 C.5 20/11/2014 Book

Riara University Library,
P.O. Box 49940-00100,
Nairobi, Kenya.